Derecho a la información y derecho a la honra (Registro nro. 150614)

Detalles MARC
000 -LEADER
fixed length control field nam a22 7a 4500
005 - DATE AND TIME OF LATEST TRANSACTION
control field 20190823125758.0
008 - FIXED-LENGTH DATA ELEMENTS--GENERAL INFORMATION
fixed length control field 190823b sp ||||| |||| 00| 0 spa d
020 ## - INTERNATIONAL STANDARD BOOK NUMBER
International Standard Book Number 8474422582
050 04 - LIBRARY OF CONGRESS CALL NUMBER
Classification number KKT2476
Item number S67 1981
100 1# - MAIN ENTRY--PERSONAL NAME
Personal name Soria Saiz, Carlos,
Dates associated with a name 1936-
245 10 - TITLE STATEMENT
Title Derecho a la información y derecho a la honra
Statement of responsibility, etc / Carlos Soria Saiz.
250 ## - EDITION STATEMENT
Edition statement 1a ed.
260 ## - PUBLICATION, DISTRIBUTION, ETC. (IMPRINT)
Place of publication, distribution, etc Barcelona, España :
Name of publisher, distributor, etc ATE,
Date of publication, distribution, etc 1981.
300 ## - PHYSICAL DESCRIPTION
Extent 139 p. ;
Dimensions 22 cm.
650 #7 - SUBJECT ADDED ENTRY--TOPICAL TERM
Source of heading or term lemb
Topical term or geographic name as entry element Libertad de información
Geographic subdivision España
650 #4 - SUBJECT ADDED ENTRY--TOPICAL TERM
Topical term or geographic name as entry element Derecho a la honra
Geographic subdivision España
942 ## - ADDED ENTRY ELEMENTS (KOHA)
Source of classification or shelving scheme Biblioteca del Cogreso de los Estados Unidos
Koha item type Libro
Existencias
Estado de pérdida Fuente de clasificación Estado del daño No para préstamo Ubicación permanente Ubicación actual Apartado o colección Fecha de adquisición Fuente de adquisición Edición Dependencia de educación superior (DES) Área del conocimiento Clasificación Código de Barras Date last seen Número de copia Costo por reposición Tipo de recurso
  Biblioteca del Cogreso de los Estados Unidos     Biblioteca del Posgrado en Derecho Biblioteca del Posgrado en Derecho Colección Ernesto Villanueva 23/08/2019 Donación 1a ed. Derecho Ciencias Sociales y Administrativas KKT2476 S67 1981 BPD000000683 23/08/2019 1 1.00 Libro